| 000 | 01656nam a2200445 i 4500 | ||
|---|---|---|---|
| 001 | 32159 | ||
| 003 | KOSZ 005 | ||
| 005 | 20210204141542.0 | ||
| 008 | 980627s1997 pl a f f |000 0 pol | ||
| 015 | _aPB 1998/8411 | ||
| 020 | _a8387424072 | ||
| 040 |
_aWA N _cWA N _dKOSZ 005/HR |
||
| 046 | _k1993 | ||
| 080 | _a628.3.034.2 | ||
| 080 | _a628.5 | ||
| 080 | _a(075.8) | ||
| 100 | 1 |
_aAnielak, Anna Maria _d(1952- ) _eAutor |
|
| 245 | 1 | 0 |
_aWybrane zagadnienia z technologii ścieków przemysłowych : _bprzewodnik do ćwiczeń laboratoryjnych / _cAnna M. Anielak ; Politechnika Koszalińska. |
| 250 | _a[Wyd. 2 uzup.]. | ||
| 260 |
_aKoszalin : _bWydaw. PK, _c1997. |
||
| 300 |
_a145, [2] s., [9] s. tabl. : _bfot., rys., wykr. ; _c24 cm. |
||
| 336 |
_2rdacontent _aTekst _btxt |
||
| 337 |
_2rdamedia _aBez urządzenia pośredniczącego _bn |
||
| 338 |
_2rdacarrier _aWolumin _bnc |
||
| 380 | _aKsiążki | ||
| 380 | _aPublikacje dydaktyczne | ||
| 385 |
_mPoziom nauczania _aSzkoły wyższe |
||
| 388 | _a1901-2000 | ||
| 388 | _a1989-2000 | ||
| 504 | _aBibliogr. przy rozdz. | ||
| 650 | 4 | _aŚcieki przemysłowe | |
| 650 | 4 | _aOczyszczalnia ścieków | |
| 650 | 4 | _aOczyszczanie ścieków | |
| 655 | 4 | _aPodręczniki akademickie | |
| 658 | _aInżynieria i technika | ||
| 710 | 2 |
_aWydawnictwo Uczelniane (Politechnika Koszalińska) _4pbl. |
|
| 856 |
_uhttp://dlibra.tu.koszalin.pl/dlibra/docmetadata?id=244&from=&dirids=1&ver_id=&lp=1&QI= _yBiblioteka Cyfrowa |
||
| 856 |
_uhttp://koha.tu.koszalin.pl/cgi-bin/koha/opac-detail.pl?biblionumber=32159 _yKatalog online BPK |
||
| 942 |
_2UKD _cKS |
||
| 999 |
_c32159 _d32159 |
||